Quartiers de Lyon avec carte - Statistiques

Statistiques générales
  • Ce quiz a été pris 312 fois
  • Le résultat moyen est 15 sur 36
Réponses sur la Carte
Les réponses sont colorées sur une échelle allant du rouge au vert en fonction du pourcentage des utilisateurs qui les ont devinées à leur premier essai. Vous pouvez retrouver ces pourcentages ci-dessous.
 
Statistiques - réponses
Arrondissement Réponse % Correct
IVème arrondissement Croix-Rousse Centre
85%
IVème arrondissement Croix-Rousse Est et Rhône
85%
IVème arrondissement Croix-Rousse Ouest
85%
IVème arrondissement Croix-Rousse Saône
85%
IIème arrondissement Perrache Confluence
83%
IIème arrondissement Bellecour Cordeliers
80%
IIème arrondissement Bellecour Carnot
79%
IIIème arrondissement Voltaire Part-Dieu
77%
VIIème arrondissement Guillotière
71%
VIIème arrondissement Gerland
64%
IXème arrondissement Vaise Rochecardon Industrie
62%
VIème arrondissement Les Brotteaux
47%
VIIème arrondissement Jean Macé
42%
Ier arrondissement Bas des Pentes Presqu'île
41%
VIIIème arrondissement Laënnec Mermoz
41%
IXème arrondissement Champvert Gorge-de-Loup
40%
VIIIème arrondissement Etats-unis
40%
IXème arrondissement La Duchère
40%
VIIIème arrondissement Monplaisir
38%
Ier arrondissement Haut et Coeur des Pentes
33%
Ier arrondissement Ouest des Pentes
33%
IIIème arrondissement Montchat
32%
VIème arrondissement Parc Duquesne
28%
Vème arrondissement Champvert Point-du-Jour Jeunet
26%
IIIème arrondissement Sans-Souci Dauphiné
26%
VIème arrondissement Saxe Roosevelt
26%
VIIIème arrondissement Grand-Trou Moulin-à-Vent Petite-Guille
19%
IXème arrondissement Saint-Rambert Île-Barbe
19%
IIIème arrondissement Villette Paul Bert
19%
VIIIème arrondissement Bachut Transvaal
18%
Vème arrondissement Ménival Battières La Plaine
16%
IIIème arrondissement Mutualité Préfecture Moncey
15%
VIème arrondissement Bellecombe
11%
VIIIème arrondissement Santy - La Plaine
7%
Vème arrondissement Colline des Funiculaires
1%
Vème arrondissement Quartiers Anciens
1%
Aucun quiz correspondant
Distribution des résultats
% des personnes avec chaque résultat
Percentile par nombre de réponses
Votre historique - résultats
Vous n’avez pas pris ce quiz